000 00435nam a2200205Ia 4500
001 13444
003 GE_BSU
008 181216s||||||||xx |||||||||||||| ||und||
020 _a059304360X.
040 _cGE_BSU
080 _a821.111-3
100 _aMcNab,Andy.
245 _aRemote control.
260 _aLondon.
260 _bBantam press.
260 _c1997
300 _a411p;24cm.
653 _aRemote control.
942 _cBK
999 _c46604
_d46604